| 000 | 00664nam a2200241 a 4500 | ||
|---|---|---|---|
| 001 | BRCA_4072 | ||
| 005 | 20190320204533.0 | ||
| 008 | 160210s1969----nyu#######---#000-0#eng-# | ||
| 041 | _aeng | ||
| 044 | _anyu | ||
| 050 | 4 |
_aBX4655.2 _b.S56 1969 |
|
| 100 | 1 |
_aSimon, Edith _910550 |
|
| 245 | 1 | 0 |
_aThe Saints _cEdith Simon. |
| 260 |
_aNueva York _bDelacorte _c1969 |
||
| 300 |
_a127 p. _bil. _c22 cm. |
||
| 500 | _aIncluye índice alfabético | ||
| 500 | _aIncluye dedicatoria al Sr. Franz Mayer de Felipe Siegel | ||
| 500 | _aCEF32 | ||
| 650 | 1 | 4 |
_aSantos _vBiografía _910551 |
| 650 | 1 | 4 |
_aIglesia católica _xHistoria _910552 |
| 902 | _aGFM | ||
| 942 |
_2lcc _cB |
||
| 999 |
_c3794 _d3794 |
||